000
00213 a2200097 4500
001
25567
100
_a
Fazal Syed
245
_a
Seerat Abdul Rehman Bin Auf
260
_a
_b
Karim Sons
_c
1966
090
_c
17289
_d
17289
942
_a
NUST-CAE
_c
M
_c
8101
999
_c
260640
_d
260640